El Valle de Marquina (Record no. 166684)

MARC details
000 -LEADER
campo de control de longitud fija 00770nam a22001815i 4500
001 - NÚMERO DE CONTROL
campo de control 166684
003 - IDENTIFICADOR DE NÚMERO DE CONTROL
campo de control ES-MaACL
005 - FECHA Y HORA DE LA ÚLTIMA TRANSACCIÓN
campo de control 20250726063044.0
008 - DATOS DE LONGITUD FIJA--INFORMACIÓN GENERAL
campo de control de longitud fija 050919s1871 sp | |||||||| ||spa d
040 ## - FUENTE DE CATALOGACIÓN
Centro catalogador/agencia de origen CAM
Lengua de catalogación spa
Centro/agencia transcriptor CAM
100 1# - ENTRADA PRINCIPAL--NOMBRE DE PERSONA
Nombre de persona Trueba, Antonio de,
Fechas asociadas al nombre 1819-1889
9 (RLIN) 111545
245 13 - MENCIÓN DEL TÍTULO
Título El Valle de Marquina
Resto del título : resúmen de sus recuerdos históricos y ensayo de una monografía de su singular Santuario de San Miguel de Arrechínaga /
Mención de responsabilidad, etc. por Antonio de Trueba.
260 ## - PUBLICACIÓN, DISTRIBUCIÓN, ETC.
Lugar de publicación, distribución, etc. Bilbao :
Nombre del editor, distribuidor, etc. Imprenta, librería y litografía de Juan E. Delmas,
Fecha de publicación, distribución, etc. 1871.
300 ## - DESCRIPCIÓN FÍSICA
Extensión 32 p. ;
Dimensiones 17 cm.
651 #4 - PUNTO DE ACCESO ADICIONAL DE MATERIA--NOMBRE GEOGRÁFICO
Nombre geográfico Valle de Marquina (Vizcaya)-
Subdivisión general Descripción.
9 (RLIN) 137392
852 ## - LOCALIZACIÓN
Ubicación ES-MaACL
Número de control de estantería Fol-Laf-569
Nota libre -- Rúst.
-- -- Legado de Modesto de la Fuente
Holdings
Estatus retirado Estado de pérdida Estado de daño No para préstamo Colección Biblioteca de origen Biblioteca actual Ubicación en estantería Fecha de adquisición Fuente de adquisición Total de préstamos Signatura topográfica completa Código de barras Visto por última vez Precio de reemplazo Tipo de ítem Koha
        Colección de folletos Biblioteca del Ateneo de Madrid Biblioteca del Ateneo de Madrid Depósito folletos 17/01/2008     Fol-Laf-569 1174817 23/02/2023 23/02/2023 Folleto